| 000 | 00616nam a22001817a 4500 | ||
|---|---|---|---|
| 005 | 20251108170538.0 | ||
| 008 | 250721s2000 xx 000 0 ara d | ||
| 082 | 1 | 4 | _aط/793.73/سوي |
| 100 | 1 | _aسويد، محمد علي | |
| 245 | 1 | 0 |
_aموسوعة الألعاب الثقافية : _bألغاز- أحاجي - ألعاب الخفية - فوازير / |
| 264 | 1 |
_aبيروت : _bرشاد برس، _c2000. |
|
| 300 | _a224ص. | ||
| 650 | 1 | 7 | _aالألعاب المهارة الداخلية |
| 650 | 1 | 7 | _aالألغاز |
| 653 | _aناشاون صغار (10-14) سنه | ||
| 942 |
_2ddc _cBK |
||
| 999 |
_c43157 _d43157 |
||